Score 0/24 Timer 03:00
2 Plays Today
Movie Title Missing Word % Correct
Fast & ___ Furious
97.1%
Up in the ___ Air
95.2%
___ with a Chance of MeatballsCloudy
94.7%
___ Montana: The MovieHannah
94.4%
He's Just Not That ___ YouInto
93.2%
Monsters ___ Aliensvs.
92.9%
I Love ___, Beth CooperYou
92.6%
The ___ and the FrogPrincess
92%
___ Origins: WolverineX-Men
91.4%
Paul ___ : Mall CopBlart
89.6%
Drag ___ to HellMe
89.6%
The Twilight Saga: ___ MoonNew
88.7%
Movie Title Missing Word % Correct
___ Abiding CitizenLaw
88.3%
Where the ___ Things AreWild
86.1%
Star ___ Trek
85.3%
Year ___ One
77%
___ of Girlfriends PastGhosts
74.1%
Julie & ___ Julia
70.4%
My Sister's ___ Keeper
69.3%
Ice Age: Dawn of the ___ Dinosaurs
67.8%
Terminator ___ Salvation
65.3%
Public ___ Enemies
62.6%
Transformers: ___ of the FallenRevenge
57%
The ___ TruthUgly
53.1%

Today's Daily Dose

Missing Word
Movies EA - EZ

Word Ladder
Bedtime!

You're not logged in!

Compare scores with friends on all Sporcle quizzes.
OR
Log In

Sporcle TV

Today on Sporcle TV


Watch our educational content, quiz creation guides, and fun videos on Sporcle TV.

Show Comments

Extras

Top Quizzes Today


Score Distribution

Paid Content

Your Account Isn't Verified!

In order to create a playlist on Sporcle, you need to verify the email address you used during registration. Go to your Sporcle Settings to finish the process.

Report this User

Report this user for behavior that violates our Community Guidelines.

Details: